000 00637nam a22002297a 4500
003 UA-OsUOA
001 46763
007 ta
008 20070705b un ||||| |||| 00| 0 ukr d
100 _aБочкарев В.А.
090 _a82.09
_bБ86
942 _cBK
040 _aUA-OsUOA
_brus
_cUA-OsUOA
_dUA-OsUOA
245 _aРусская историческая драматургия XVII-XVIII вв.
300 _a221 с.
955 _a2
041 _arus
080 _a82.09
260 _aМ.
_bПросвещение
_c1988
650 7 _a82 Література. Літературознавство
_2UDC
999 _c332866
_d332866